| 000 | 00424nam a2200157 4500 | ||
|---|---|---|---|
| 001 | 120565 | ||
| 003 | ES-MaACL | ||
| 005 | 20230906191558.0 | ||
| 007 | t| | ||
| 008 | 070214s1919 fr r ||||1| fre d | ||
| 100 | 1 |
_aPoizat, Alfred. _992778 |
|
| 245 | 1 | 3 |
_aLe symbolisme de Baudalaire a Claudel / _cAlfred Poizat. |
| 260 |
_aParis : _bCorbeil-Crété, _c1919. |
||
| 300 |
_a198 p. ; _c18 cm. |
||
| 852 |
_aES-MaACL _jF-5387 |
||
| 999 |
_c120565 _d120565 |
||